| 000 | 01526nam a2200361 i 4500 | ||
|---|---|---|---|
| 999 |
_c65276 _d65276 |
||
| 001 | 768714001 | ||
| 003 | CO-MdFUSB | ||
| 005 | 20191023114729.0 | ||
| 008 | 191001t2009 sp |||| |||| 00| 0 spa d | ||
| 020 | _a9788433967787 | ||
| 040 |
_aCO-MdFUSB _bspa _cCO-MdFUSB _dCO-MdFUSBC _erda |
||
| 041 |
_aspa _hfre |
||
| 082 |
_223 _a391 _bL764 |
||
| 100 |
_aLipovetsky, Guilles. _eautor |
||
| 240 | _aL´Empire de l´ephémére. La mode et son destin dans les sociétés modernes | ||
| 245 | 1 | 3 |
_aEl imperio de lo efímero : _bla moda y su destino en las sociedades modernas. _c/ Gilles Lipovetsky ; traducido por Felipe Hernández ; Carmen López. |
| 264 | 1 |
_aBarcelona, España : _bAnagrama, _c[2009] |
|
| 264 | 4 | _c© 2009 | |
| 300 |
_a324 páginas _c; 21 cm |
||
| 336 |
_2rdacontent _atexto _btxt |
||
| 337 |
_2rdamedia _asin mediación _bn |
||
| 338 |
_2rdacarrier _avolumen _bnc |
||
| 490 | _aCompactos. | ||
| 505 | _aMagia de las apariencias: La moda y occidente: El momento aristocrático. -- La moda centenaria. -- La moda abierta. -- La moda plena: La seducción de las cosas. -- La publicidad saca las uñas. -- La cultura en la moda media. -- El sentido a la deriva. -- Los progresivos desmoronamientos de lo social. | ||
| 563 | _aRústico | ||
| 650 | 7 |
_2sears _93 _aCultura |
|
| 650 | 0 |
_91167 _aUsos y costumbres |
|
| 650 | 7 |
_2embne _92670 _aModa _xAspectos sociales |
|
| 700 |
_92596 _aHernández, Felipe. _etraductor |
||
| 700 |
_92597 _aLópez, Carmen. _etraductor |
||
| 942 | _cBK | ||
| 945 | _aJTF-925 | ||